| 000 | 01019cam a22003017a 4500 | ||
|---|---|---|---|
| 003 | CHAP | ||
| 005 | 20220817041308.0 | ||
| 008 | 971013s1972 r 00010 d | ||
| 010 | _a10627 | ||
| 011 | _a11599 | ||
| 035 | _a10838 | ||
| 040 | _cCHAP | ||
| 082 |
_a338.972 _bE2 |
||
| 100 | 0 | 0 |
_aEckstein, Susan. _935116 |
| 245 | 1 | 4 | _aThe poverty of revolution the state and the urban poor in México |
| 260 |
_aPrinceton, New Jersey : _bPrinceton University, _c1972 |
||
| 300 | _a300 p | ||
| 590 |
_aBATCH-UPD _b10 _c20130110 _lUCH01 _h1132 |
||
| 590 |
_aBATCH-UPD _b10 _c20130410 _lUCH01 _h0720 |
||
| 590 |
_aBATCH-UPD _b10 _c20130914 _lUCH01 _h1823 |
||
| 590 |
_aCONVERSION _b10 _c20130109 _lUCH01 _h1307 |
||
| 650 | 1 | 4 |
_aMéxico _xCondiciones económicas. |
| 650 | 1 | 4 |
_aMéxico _xCondiciones sociales. _976730 |
| 901 | _aBK | ||
| 942 | _cLIBRO | ||
| 949 |
_a338.972 E2 _bBC _cLIBRO _d33724000434940 _eLIBRO _fc.2 _h59227 _i10838 _si _t1259.50 |
||
| 949 |
_a338.972 E2 _bBC _cLIBRO _d33724000435616 _eLIBRO _h59226 _i10838 _si _t1259.50 |
||
| 999 |
_c10627 _d10627 |
||